| 000 | 00438nam a2200157Ia 4500 | ||
|---|---|---|---|
| 999 |
_c5879 _d5879 |
||
| 020 | _a9780323034081 | ||
| 082 |
_a615.1 _bKES |
||
| 100 | _aKester,Mark | ||
| 245 | 0 |
_aElsevier's Integrated Pharmacology _cKester,Mark |
|
| 260 |
_aPhiladelphia _bMosby Elsevier _c2007 |
||
| 300 |
_a235 _b27cm |
||
| 504 | _aIncludes: Index | ||
| 650 | _a Pharmacology | ||
| 700 |
_aVrana, Kent E. _aQuraishi,Sadeq A. _aKarpa,Kelly Dowhower |
||
| 942 |
_cBK _2ddc |
||